250 Największych miast Europy - Statystyki

Ogólne statystyki
  • Ten quiz został rozwiązany 1 060 razy
    1 054 od ostatniego zresetowania
  • Średni wynik to 85 z 251
Statystyki odpowiedzi
lp. Populacja Miasto % Poprawnych
14 1 777 972 Warszawa
94%
2 12 200 000 Moskwa
93%
3 8 787 892 Londyn
91%
5 3 613 495 Berlin
90%
6 3 182 981 Madryt
90%
9 2 206 488 Paryż
90%
47 769 498 Kraków
87%
8 2 865 234 Rzym
85%
16 1 620 809 Barcelona
84%
106 464 829 Gdańsk
84%
1 14 804 116 Stambuł
84%
7 2 933 537 Kijów
83%
81 537 643 Poznań
81%
21 1 294 513 Praga
81%
59 641 607 Wrocław
81%
37 925 242 Oslo
80%
4 5 323 300 Petersburg
80%
96 506 892 Lizbona
78%
17 1 552 762 Monachium
78%
20 1 372 565 Sztokholm
78%
15 1 752 704 Budapeszt
77%
52 682 679 Łódź
77%
121 403 833 Szczecin
77%
11 1 888 776 Wiedeń
77%
40 859 732 Amsterdam
76%
56 664 046 Ateny
76%
12 1 877 155 Bukareszt
76%
58 645 482 Helsinki
76%
10 1 974 819 Mińsk
76%
83 536 692 Wilno
76%
13 1 830 584 Hamburg
74%
145 339 850 Lublin
74%
19 1 372 810 Mediolan
74%
60 641 423 Ryga
74%
114 429 564 Bratysława
73%
78 554 554 Dublin
72%
182 295 449 Katowice
71%
43 802 338 Zagrzeb
71%
66 613 288 Kopenhaga
69%
22 1 290 502 Sofia
69%
180 297 403 Białystok
68%
49 729 842 Lwów
68%
39 861 635 Marsylia
68%
101 491 549 Liverpool
67%
35 962 495 Neapol
67%
91 513 275 Lyon
66%
18 1 451 028 Charków
65%
239 237 591 Porto
65%
38 878 074 Turyn
65%
25 1 166 763 Belgrad
63%
136 352 313 Bydgoszcz
63%
229 246 204 Gdynia
63%
71 586 600 Dortmund
61%
48 746 878 Frankfurt
61%
29 1 080 394 Kolonia
60%
51 689 434 Sewilla
60%
65 616 396 Tirana
59%
61 641 326 Rotterdam
57%
122 393 000 Sarajewo
57%
44 787 808 Walencja
57%
120 404 145 Brno
56%
63 621 020 Glassgow
56%
26 1 137 123 Birmingham
55%
209 261 362 Wenecja
55%
36 955 041 Donieck
54%
93 513 210 Edynburg
54%
53 669 694 Kiszyniów
54%
73 581 980 Lipsk
54%
33 1 014 255 Odessa
54%
164 315 196 Saloniki
54%
127 376 990 Zurych
54%
168 312 012 Malmö
52%
54 666 214 Palermo
52%
82 537 478 Skopje
52%
140 345 110 Bilbao
51%
86 534 158 Haga
51%
79 551 072 Drezno
50%
125 381 512 Florencja
50%
143 342 637 Nicea
49%
189 290 010 Lublana
45%
76 569 002 Malaga
45%
237 239 157 Bordeaux
44%
62 632 743 Stuttgart
44%
88 523 248 Antwerpia
43%
77 568 006 Brema
43%
70 590 580 Goteborg
43%
74 578 710 Genua
42%
27 1 136 566 Kazań
41%
146 336 912 Kowno
41%
186 293 531 Ostrawa
41%
123 390 294 Bolonia
40%
64 617 280 Düsseldorf
39%
85 535 061 Hanower
39%
45 784 846 Leeds
39%
102 471 941 Tuluza
39%
34 1 000 700 Dniepr
38%
90 515 201 Norymberga
38%
196 276 459 Belfast
36%
177 303 382 Nantes
36%
23 1 263 873 Niżny Nowogród
36%
199 271 782 Strasburg
36%
55 664 938 Saragossa
35%
112 439 236 Graz
33%
111 440 702 Talinn
33%
72 583 393 Essen
32%
24 1 172 348 Samara
32%
147 334 781 Warna
32%
156 325 490 Bonn
31%
139 346 601 Grodno
31%
28 1 115 000 Rostów nad Donem
31%
158 322 018 Bari
30%
160 320 920 Brześć
30%
167 312 129 Katania
30%
128 372 999 Nowy Sad
30%
30 1 051 583 Perm
30%
31 1 030 812 Ufa
30%
220 252 520 Werona
30%
46 772 627 Zaporoże
30%
109 453 461 Kaliningrad
28%
238 239 141 Koszyce
28%
42 809 000 Krasnodar
28%
107 464 457 Mariupol
28%
163 317 915 Smoleńsk
28%
108 459 252 Bristol
27%
116 418 987 Sewastopol
27%
151 329 481 Soczi
27%
110 443 243 Murcja
26%
138 349 234 Utrecht
26%
32 1 023 957 Woroneż
26%
205 268 200 Bergen
25%
170 310 297 Innsbruck
25%
216 257 351 Montpellier
25%
223 249 584 Nottingham
25%
242 234 224 Southampton
25%
84 535 229 Homel
24%
212 259 739 Leicester
24%
75 577 789 Sheffield
24%
57 660 203 Krzywy Róg
23%
184 293 725 Vigo
23%
226 248 242 Gandawa
22%
236 240 522 Grenada
22%
100 497 032 Mikołajów
22%
68 608 722 Jarosław
21%
240 237 579 Kilonia
21%
132 359 544 Witebsk
21%
130 365 529 Bochum
20%
150 329 988 Alicante
19%
99 498 110 Duisburg
19%
173 307 997 Mannheim
19%
134 356 665 Winnica
19%
213 259 269 Akwizgran
18%
148 332 552 Bielefeld
18%
95 509 010 Tuła
18%
207 263 313 Augsburg
17%
193 283 872 Konstanca
17%
155 325 916 Kordoba
17%
105 466 331 Machaczkała
17%
247 230 047 Magdeburg
17%
113 434 516 Palma de Mallorca
17%
41 850 086 Saratów
17%
192 284 236 Żytomierz
17%
98 501 300 Astrachań
16%
201 270 211 Gijon
16%
169 311 919 Karlsruhe
16%
119 405 499 Kursk
16%
149 330 574 Sunderland
16%
137 350 982 Archangielsk
15%
157 324 576 Kluż-Napoka
15%
159 320 962 Murmańsk
15%
92 513 261 Riazań
15%
248 229 407 Derby
14%
67 611 043 Iżewsk
14%
126 378 871 Jassy
14%
80 545 501 Manchaster
14%
211 260 237 Nisz
14%
187 293 141 Sumy
14%
144 340 669 Włodzimierz
14%
234 242 458 A Coruna
13%
153 328 360 Chersoń
13%
176 303 475 Coventry
13%
97 502 600 Lipieck
13%
129 368 983 Płowdiw
13%
225 248 813 Równe
13%
230 246 012 Brunszwik
12%
166 313 559 Münster
12%
87 533 872 Orenburg
12%
154 325 945 Orzeł
12%
250 227 755 Tarnopol
12%
161 319 279 Timișoara
12%
50 721 752 Togliatti
12%
115 426 225 Briańsk
11%
190 290 000 Chmielnicki
11%
206 266 123 Espoo
11%
118 406 113 Iwanowo
11%
203 269 506 Krajowa
11%
69 603 782 Uljanowsk
11%
191 287 001 Wołogda
11%
135 353 590 Wuppertal
11%
208 262 063 Gelsenkirchen
10%
152 329 064 Kaługa
10%
233 243 262 Mesyna
10%
131 363 363 Mohylew
10%
94 509 900 Penza
10%
162 317 998 Połtawa
10%
217 255 841 Kamieńskie
8%
104 468 459 Kirow
8%
232 243 795 Plymouth
8%
141 344 242 Biełgorod
7%
185 293 717 Bradford
7%
183 295 414 Czerkasy
7%
235 240 621 Czerniowce
7%
215 258 848 Mönchengladbach
7%
133 358 399 Stawropol
7%
219 253 200 Braszów
6%
124 389 589 Makijiwka
6%
231 243 880 Chemnitz
5%
172 308 455 Czerepowiec
5%
89 522 048 Nabierieżnyje Czełny
5%
142 343 644 Symferopol
5%
221 251 462 Wolverhampton
5%
174 304 994 Czernihów
4%
244 233 013 Halle
4%
117 416 521 Magnitogorsk
4%
210 260 308 Patras
4%
245 232 662 Reading
4%
181 297 077 Sarańsk
4%
195 276 742 Wiesbaden
4%
175 304 340 Gałacz
3%
197 274 495 Kostroma
3%
200 271 447 Nalczyk
3%
165 314 073 Władykaukaz
3%
103 468 725 Czeboksary
2%
179 301 416 Kingston upon Hull
2%
243 234 073 Krzemieńczuk
2%
228 247 736 Szachty
2%
191 284 502 Tambow
2%
224 249 000 Dzierżyńsk
1%
188 292 250 Gorłówka
1%
222 251 416 Joszkar-Oła
1%
241 236 333 Krefeld
1%
218 254 103 Kropywnycki
1%
246 230 702 Noworojysk
1%
198 272 101 Pietrozawodsk
1%
214 259 252 Stoke-on-Trent
1%
249 229 305 Syktywkar
1%
204 268 615 Taganrog
1%
178 302 296 Vila Nova de Gaia
1%
171 308 490 Wołżski
1%
202 269 720 Atyrau
0%
227 248 150 L’Hospitalet de Llobregat
0%
194 280 233 Sterlitamak
0%
Nie znaleziono quizów pasujących do podanych kryteriów
Rozkład punktacji
Procent ludzi z każdym wynikiem
Percentyl według liczby udzielonych odpowiedzi
Twoja historia wyników
Nie rozwiązałeś tego quizu od ostatniego zresetowania